Principios de economía política / (Record no. 45590)

MARC details
000 -LEADER
campo de control de longitud fija 00503nam a2200181 i 4500
001 - NÚMERO DE CONTROL
campo de control 45590
003 - IDENTIFICADOR DE NÚMERO DE CONTROL
campo de control ES-MaACL
005 - FECHA Y HORA DE LA ÚLTIMA TRANSACCIÓN
campo de control 20250721062603.0
007 - CAMPO FIJO DE DESCRIPCIÓN FÍSICA--INFORMACIÓN GENERAL
campo de control de longitud fija t|
008 - DATOS DE LONGITUD FIJA--INFORMACIÓN GENERAL
campo de control de longitud fija 030326s1850 sp |||| | spa d
100 1# - ENTRADA PRINCIPAL--NOMBRE DE PERSONA
Nombre de persona Colmeiro, Manuel (
Fechas asociadas al nombre 1818-1894)
9 (RLIN) 39768
245 10 - MENCIÓN DEL TÍTULO
Título Principios de economía política /
Mención de responsabilidad, etc. Manuel Colmeiro.
260 ## - PUBLICACIÓN, DISTRIBUCIÓN, ETC.
Lugar de publicación, distribución, etc. Madrid :
Nombre del editor, distribuidor, etc. G. Alhambra,
Fecha de publicación, distribución, etc. 1850.
300 ## - DESCRIPCIÓN FÍSICA
Extensión 2 v. ;
Dimensiones 16 cm.
650 07 - PUNTO DE ACCESO ADICIONAL DE MATERIA--TÉRMINO DE MATERIA
Término de materia o nombre geográfico como elemento de entrada Economía
Fuente del encabezamiento o término embne
9 (RLIN) 12006
852 ## - LOCALIZACIÓN
Ubicación ES-MaACL
Número de control de estantería D-2753-54
Holdings
Estatus retirado Estado de pérdida Estado de daño No para préstamo Colección Biblioteca de origen Biblioteca actual Ubicación en estantería Fecha de adquisición Fuente de adquisición Total de préstamos Signatura topográfica completa Código de barras Visto por última vez Precio de reemplazo Tipo de ítem Koha
        Libros del s. XIX Biblioteca del Ateneo de Madrid Biblioteca del Ateneo de Madrid Sala Valle Inclán 17/01/2008     D-2753-54 901047966 23/02/2023 23/02/2023 Libro impreso antiguo